000 00368nas a2200157 a 4500
001 17428
003 42114
005 20201118095624.0
008 ||||||n9999 ||| || ||
041 _aspa
245 0 _aCoyuntura Económica - Vol.21 No.1
260 _aBogotá :
_bFEDES,
_c1991.
562 _e2
773 _017193
_aCoyuntura Económica
942 _cSISS
999 _c17428
_d17428